000 00775nam a2200253 a 4500
008
020 _a0070473870 (pbk.)
049 _aMAIN
090 _aT57.6HIL
100 1 _aHillier, Frederick S.
245 1 0 _aIntroduction to operations research /
_cFrederick S. Hillier, Gerald J. Lieberman.
250 _a7th ed.
260 _aNew Delhi :
_btata McGraw-Hill,
_c1980.
300 _axxix, 1214 p. :
_bill. ;
_c25 cm.
504 _aIncludes bibliographical references.
500 _aIncludes index.
650 0 _aOperations research.
700 1 _aLieberman, Gerald J.,
_ejoint author.
907 _a.b10203667
_b30-08-06
_c19-05-06
003
005 20231023092319.0
040 _cNUST
942 _cBOOKS
_kT57.6HIL
_02
999 _c161933
_d161933